Apuntes sobre el proyecto de ley del mercado de valores. (Record no. 8310)

MARC details
000 -CABECERA
campo de control de longitud fija 01408nam a2200277 a 4500
001 - NÚMERO DE CONTROL
campo de control BRCA_8651
005 - FECHA Y HORA DE LA ÚLTIMA TRANSACCIÓN
campo de control 20190320210345.0
008 - DATOS DE LONGITUD FIJA--INFORMACIÓN GENERAL
campo de control de longitud fija 041016s1947----mx-#######---#000-0#spa-#
040 ## - FUENTE DE LA CATALOGACIÓN
Centro catalogador/agencia de origen spa
041 ## - CÓDIGO DE LENGUA
Código de lengua del texto/banda sonora o título independiente mx
050 #4 - SIGNATURA TOPOGRÁFICA DE LA BIBLIOTECA DEL CONGRESO
Número de clasificación HG4503
Número de documento/Ítem .A68
-- 1947
245 10 - MENCIÓN DE TÍTULO
Título Apuntes sobre el proyecto de ley del mercado de valores.
260 ## - PUBLICACIÓN, DISTRIBUCIÓN, ETC.
Lugar de publicación, distribución, etc. [s.l.]
Nombre del editor, distribuidor, etc. [s.i.]
Fecha de publicación, distribución, etc. 1947
300 ## - DESCRIPCIÓN FÍSICA
Extensión 1 vol. (con varias paginaciones)
Dimensiones 28 cm
500 ## - NOTA GENERAL
Nota general Fondo antiguo
500 ## - NOTA GENERAL
Nota general Se encuentra en Caja Fuerte
500 ## - NOTA GENERAL
Nota general s/no
500 ## - NOTA GENERAL
Nota general Texto en máquina de escribir
500 ## - NOTA GENERAL
Nota general Se localiza marca de agua en las hojas del documento: ´neenah chieftain bond rag content made in USA´
500 ## - NOTA GENERAL
Nota general Nota de encuadernación: conservado en carpeta de piel
505 0# - NOTA DE CONTENIDO CON FORMATO
Nota de contenido con formato Dentro de la carpeta se incluyen los siguientes documentos: Motivos de la ley del mercado de valores.-- Acta No. 20 y 21.-- Informe que rinde la comisión mixta para la reorganización de la bolsa a la asociación de banqueros de mexico y la bolsa de valores de México.-- Ejemplar del periódico Boletín financiero y minero de México de 1947 donde se encuentra un artículo del mercado de valores y la bolsa: ponencia presentada por Franz Mayer en la convención bancaria
506 0# - NOTA DE RESTRICCIONES AL ACCESO
Limitaciones de acceso Fondo reservado: para su consulta es necesario credencial de usuario y carta de motivos
650 14 - PUNTO DE ACCESO ADICIONAL DE MATERIA--TÉRMINO DE MATERIA
Término de materia o nombre geográfico como elemento de entrada Finanzas
Subdivisión geográfica México
9 (RLIN) 14605
902 ## - CATALOGADOR
Iniciales LAR
942 ## - ELEMENTOS DE PUNTO DE ACCESO ADICIONAL (KOHA)
Fuente del sistema de clasificación o colocación Library of Congress Classification
Tipo de ítem Koha Libros
Holdings
Estado de retiro Estado de pérdida Estado dañado No para préstamo Localización permanente Ubicación/localización actual Fecha de adquisición Total de préstamos Signatura topográfica completa Código de barras Fecha visto por última vez Precio válido a partir de Tipo de ítem Koha
El ejemplar forma parte de la colección y puede ser consultado según las políticas vigentes.       Biblioteca del Museo Franz Mayer (Rogerio Casas-Alatriste) Biblioteca del Museo Franz Mayer (Rogerio Casas-Alatriste) 04/10/2016   HG4503 .A68 1947 LAR00153 22/03/2019 22/03/2019 Libros